| 000 | 00662nam a2200217 u 4500 | ||
|---|---|---|---|
| 005 | 20240228064319.0 | ||
| 008 | 171109s2007 ea r 000 0 spa d | ||
| 020 | _a1404270167 | ||
| 035 | _aUPN01000221546 | ||
| 049 | _aI | ||
| 050 | 4 |
_aPZ10.3 _bF6.22 |
|
| 100 | 1 |
_aFord, Ron _940952 |
|
| 245 | 1 | 4 |
_aUna abeja perdida / _cRon Ford ; tr. María Cristina Brusca. |
| 260 |
_aNew York : _bRosen Classroom Books & Materials, _cc2007. |
||
| 300 |
_a16 p. : _bil. col. |
||
| 440 | 0 |
_aLecturas del barrio. _pFantasía |
|
| 650 | 7 |
_aAbejas _vLiteratura infantil _2 _922183 |
|
| 650 | 4 |
_aLibros y lectura para niños _92290 |
|
| 905 | _aInfantil | ||
| 999 |
_c193643 _d193643 |
||